书目信息 |
| 题名: |
大学英语教程学习指导
|
|
| 作者: | 师新民 , 王健 , 马刚 主编 | |
| 分册: | 1 | |
| 出版信息: | 北京 北京大学出版社 2005.07 |
|
| 页数: | 326页 | |
| 开本: | 21cm | |
| 丛书名: | ||
| 单 册: | ||
| 中图分类: | H31 | |
| 科图分类: | ||
| 主题词: | 英语--ying yu--高等学校--教学参考资料 | |
| 电子资源: | ||
| ISBN: | 7-301-08281-9 | |
| 000 | 01055nam0 2200265 450 | |
| 001 | 012006218966 | |
| 005 | 20060905160339.34 | |
| 010 | @a7-301-08281-9@dCNY18.00 | |
| 100 | @a20060610d2005 km y0chiy0120 ea | |
| 101 | 0 | @achi@aeng |
| 102 | @aCN@b110000 | |
| 105 | @ay z 000yy | |
| 200 | 1 | @a大学英语教程学习指导@Ada xue ying yu jiao cheng xue xi zhi dao@h1@f马刚, 师新民, 王健主编@Fma gang,shi xin min,wang jian zhu bian |
| 210 | @a北京@c北京大学出版社@d2005.07 | |
| 215 | @a326页@d21cm | |
| 300 | @a大学英语立体化网络化系列教材 | |
| 300 | @a根据教育部《大学英语课程教学要求》编写 | |
| 330 | @a本书为分册1,书中内容是根据教育部《大学英语课程教学要求》编写的。共分为八个单元,每个单元包括总目标、核心词汇、重要短语、重要习语、录音原文、背景知识、难点解析等十几项内容,点面结合,指导学生学习和复习。 | |
| 606 | 0 | @a英语@Aying yu@x高等学校@j教学参考资料 |
| 690 | @aH31@v4 | |
| 701 | 0 | @a师新民@Ashi xin min@4主编 |
| 701 | 0 | @a王健@Awang jian@4主编 |
| 701 | 0 | @a马刚@Ama gang@4主编 |
| 801 | 0 | @aCN@bQSSK@c20060905 |
| 905 | @a10447@dH31@eM053:1 | |
| 大学英语教程学习指导.1/马刚, 师新民, 王健主编.-北京:北京大学出版社,2005.07 |
| 326页;21cm |
| 大学英语立体化网络化系列教材.-根据教育部《大学英语课程教学要求》编写 |
| ISBN 7-301-08281-9:CNY18.00 |
| 本书为分册1,书中内容是根据教育部《大学英语课程教学要求》编写的。共分为八个单元,每个单元包括总目标、核心词汇、重要短语、重要习语、录音原文、背景知识、难点解析等十几项内容,点面结合,指导学生学习和复习。 |
| ● |
| 相关链接 |
|
|
|
正题名:大学英语教程学习指导
索取号:H31/M053:1
 
预约/预借
| 序号 | 登录号 | 条形码 | 馆藏地/架位号 | 状态 | 备注 |
| 1 | 584557 | 205845576 | 语言库209/209语言库 84排4列4层/ [索取号:H31/M053:1] | 在馆 | |
| 2 | 584558 | 205845585 | 语言库209/209语言库 84排4列4层/ [索取号:H31/M053:1] | 在馆 | |
| 3 | 584559 | 205845594 | 语言库209/209语言库 84排4列4层/ [索取号:H31/M053:1] | 在馆 |